Statystyki dla Skoczkowie którzy brali udział w konkursach drużynowych na IO w XXI w.

Kliknij tutaj aby rozwiązać quiz!

Ogólne statystyki

  • Ten quiz został rozwiązany 22 razy
  • Średni wynik to 115 z 192

Statystyki odpowiedzi

ReprezentacjaLataZawodnik% Poprawnych
2002-2010Adam Małysz
93%
2014, 2018Andreas Wellinger
93%
2022Cene Prevc
93%
2018, 2022Dawid Kubacki
93%
2002-2014Jakub Janda
93%
Finlandia2002, 2006, 2014, 2018Janne Ahonen
93%
2022Junshiro Kobayashi
93%
2006-2022Kamil Stoch
93%
2014, 2018Maciej Kot
93%
2006-2018Noriaki Kasai
93%
2010-2022Peter Prevc
93%
Polska2014, 2022Piotr Żyła
93%
2018, 2022Ryoyu Kobayashi
93%
2002, 2006, 2022Simon Ammann
93%
2006-2014Thomas Morgenstern
93%
2002, 2010, 2014Anders Bardal
86%
2006, 2010Andreas Kofler
86%
Szwajcaria2022Dominik Peter
86%
2010-2018Gregor Schlierenzauer
86%
Norwegia2022Halvor Egner Granerud
86%
2014Jan Ziobro
86%
2018Johann Andre Forfang
86%
2018, 2022Karl Geiger
86%
2002-2014Robert Kranjec
86%
2010-2022Roman Koudelka
86%
2014Severin Freund
86%
2006, 2010, 2018Stefan Hula
86%
2018, 2022Stefan Kraft
86%
2010-2018Taku Takeuchi
86%
2022Timi Zajc
86%
2006Yang Li
86%
2010, 2014Antonin Hajek
79%
2006-2018Daiki Ito
79%
2006, 2018Davide Bresadola
79%
2006-2018Denis Kornilov
79%
2006, 2014Dimitriy Vassiliev
79%
2018, 2022Evgeniy Klimov
79%
2022Gregor Deschwanden
79%
2002, 2006, 2014, 2018Hueng-chul Choi
79%
2022Jan Horl
79%
2002, 2006, 2014Jan Matura
79%
2002Kazuyoshi Funaki
79%
2022Killian Peier
79%
Słowenia2022Lovro Kos
79%
2010Łukasz Rutkowski
79%
Austria2018, 2022Manuel Fettner
79%
2022Marius Lindvik
79%
2022Markus Eisenbichler
79%
2014, 2018Michael Haybock
79%
2002, 2006Primoz Peterka
79%
2018, 2022Robert Johansson
79%
2002, 2006Robert Mateja
79%
2002, 2006, 2014, 2018Seou Choi
79%
2006Takanobu Okabe
79%
2002, 2010Wolfgang Loitzl
79%
2006Andrea Morassi
71%
2002, 2006Andreas Kuttel
71%
2010, 2014Andreas Wank
71%
2002, 2006Andreas Widholzl
71%
2018Antti Aalto
71%
Niemcy2022Constantin Schmid
71%
2018, 2022Daniel Andre Tande
71%
2002, 2010Emmanuel Chedal
71%
Włochy2018Federico Cecon
71%
2010Harri Olli
71%
2006, 2014, 2018Jernej Damjan
71%
2010Johan Remen Evensen
71%
2014Jurij Tepes
71%
2010Lukas Hlava
71%
2002-2010Martin Schmitt
71%
2002, 2010Matti Hautamaki
71%
2006, 2010Michael Neumayer
71%
2002-2010Michael Uhrmann
71%
2022Naoki Nakamura
71%
2018Richard Freitag
71%
2002, 2006Roar Ljokelsoy
71%
2002Sven Hannawald
71%
2010Tom Hilde
71%
Japonia2022Yukiya Sato
71%
2002, 2006Alan Alborn
64%
2018Alex Insam
64%
2018Anze Semenić
64%
2006Bjorn Einar Romoren
64%
2022Daniel Huber
64%
2006, 2010Janne Happonen
64%
2018, 2022Kevin Bickner
64%
2010, 2014Mackenzie Boyd-Clowes
64%
2002Masahiko Harada
64%
2002Nicolas Dessum
64%
2010Pavel Karelin
64%
2022Paweł Wąsek
64%
2002Peter Zonta
64%
2006, 2018Sebastian Colloredo
64%
2018, 2022Stephan Leyhe
64%
2014Thomas Diethart
64%
2002Tomasz Pochwała
64%
2002Tomisław Tajner
64%
2002, 2006Tommy Ingebrigtsen
64%
Francja2010Vincent Descombes Sevoie
64%
2014Anders Fannemel
57%
2010, 2014Anders Jacobsen
57%
2018Andreas Stjernen
57%
2014Anssi Koivuranta
57%
2018, 2022Cestmir Kozisek
57%
2002, 2006Clint Jones
57%
2002Damjan Fras
57%
2010David Lazzaroni
57%
USA2022Decker Dean
57%
2006, 2010Dimitriy Ipatov
57%
2006Georg Spath
57%
2010Ilya Rosliakov
57%
2002Jan Mazoch
57%
2014, 2018Jarkko Maatta
57%
2002, 2006Lars Bystol
57%
2002Martin Hollwarth
57%
2006Martin Koch
57%
Kazachstan2006Nikolay Karpenko
57%
2022Patrick Gasienica
57%
2006Radik Zhaparov
57%
2002Risto Jussilainen
57%
2006Rok Benković
57%
2014Rune Velta
57%
2010Shohei Tochimoto
57%
2002Stephan Hocke
57%
2006Tami Kiuru
57%
2018Tilen Bartol
57%
2002Veli-Matti Lindstrom
57%
2018Andreas Alamommo
50%
2018, 2022Casey Larson
50%
2002, 2006, 2014Chil-ku Kang
50%
Rosja2022Danil Sadreev
50%
2022Filip Sakala
50%
2002Hideharu Miyahira
50%
Korea Płd.2002, 2006, 2014, 2018Hyun-ki Kim
50%
2006Ildar Fatchullin
50%
2014Marinus Kraus
50%
2018Michael Glasder
50%
2006Michael Mollinger
50%
2014Olli Muotka
50%
2010Primoz Pikl
50%
2014Reruhi Shimizu
50%
2022Roman Sergeevich Trofimov
50%
2002Stefan Horngacher
50%
2006, 2010Stefan Read
50%
2002Sylvain Freiholz
50%
Czechy2018, 2022Viktor Polasek
50%
2018Vojtech Stursa
50%
2014, 2018Alexey Romashov
43%
2006-2014Anders Johnson
43%
2006Guido Landert
43%
2014Ilmir Hazetdinov
43%
2014Matthew Rowley
43%
2002Michal Dolezal
43%
2018, 2022Mikhail Nazarov
43%
2010, 2014Nicholas Alexander
43%
2014Nicholas Fairall
43%
2006Ondrej Vaculik
43%
2010, 2014Peter Frenette
43%
2022Qiwu Song
43%
Chiny2022Weijie Zhen
43%
2018William Rhoads
43%
2010Alexandre Mabboux
36%
2006Alexey Korolev
36%
2006Borek Sedlak
36%
2014Dusty Korek
36%
2006Ivan Karaulov
36%
2002Marco Steinauer
36%
2010Mitja Meznar
36%
Kanada2010, 2014Trevor Morrice
36%
2006Zhandong Tian
36%
2006Alessio Bolognani
29%
2006Guang Yang
29%
2002Hiroki Yamada
29%
2018Je-un Park
29%
2010Kalle Keituri
29%
2010Taylor Fletcher
29%
2022Yixin Lyu
29%
2006Gregory Baxter
21%
2006Tsuyoshi Ichinohe
21%
2022Xiaoyang Zhou
21%
2010Eric Mitchell
14%
2002Pavel Gaiduk
14%
2002Stanislav Filimonov
14%
2002Florentin Durand
7%
2006Jianxun Wang
7%
2002Maksim Polunin
7%
2002Remi Santiago
7%
2002Aleksandr Korobov
0%
2002Brian Welch
0%
2006Graeme Gorham
0%
2006Michael Nell
0%
2002, 2006Thomas Schwall
0%

Rozkład punktacji

Percentyl według liczby udzielonych odpowiedzi

Procent ludzi z każdym wynikiem

Twoja historia wyników

Nie rozwiązałeś tego quizu